000 00469nam a2200145 4500
999 _c10403
_d10403
008 180828b ||||| |||| 00| 0 eng d
022 _a2094-8042
082 _aDPer 370.105 M72 Jan-Dec 2011 v59-60
100 _930567
_aHeraldo, Elisa R.
245 _aRosa and rosal/
_cElisa R. Heraldo.
260 _aPhilippines:
_bIn the Grade School, Inc.,
_cc2011.
300 _av60 n2, page 77:
_billustrations;
_c27cm.
650 0 _930568
_aShort stories.
942 _2ddc
_cPER